<?xml version="1.0" encoding="UTF-8"?>
<record
    xmlns:xsi="http://www.w3.org/2001/XMLSchema-instance"
    xsi:schemaLocation="http://www.loc.gov/MARC21/slim http://www.loc.gov/standards/marcxml/schema/MARC21slim.xsd"
    xmlns="http://www.loc.gov/MARC21/slim">

  <leader>01930nam a22004217a 4500</leader>
  <controlfield tag="001">000010124</controlfield>
  <controlfield tag="003">DO-SdBNP</controlfield>
  <controlfield tag="005">20180313144102.0</controlfield>
  <controlfield tag="007">000010124</controlfield>
  <controlfield tag="008">160509b   2004 dr a  ||||| |||| 00| 0 spa d</controlfield>
  <datafield tag="020" ind1=" " ind2=" ">
    <subfield code="a">8482623871</subfield>
  </datafield>
  <datafield tag="040" ind1=" " ind2=" ">
    <subfield code="a">BPMSU</subfield>
    <subfield code="b">spa</subfield>
    <subfield code="c">BPMSU</subfield>
  </datafield>
  <datafield tag="092" ind1=" " ind2=" ">
    <subfield code="a">373.54</subfield>
    <subfield code="b">B218q   3ro.   2001</subfield>
  </datafield>
  <datafield tag="100" ind1="1" ind2=" ">
    <subfield code="a">Banks, Mois&#xE9;s </subfield>
  </datafield>
  <datafield tag="245" ind1="1" ind2="0">
    <subfield code="a">Qu&#xED;mica 2 ;  tercero de bachillerato :</subfield>
    <subfield code="b">[educaci&#xF3;n media] /</subfield>
    <subfield code="c">Mois&#xE9;s Banks ... [et al.] ;  direcci&#xF3;n editorial Obdulia Garc&#xED;a de Escobar; editora Claudia Llibre; ilustraci&#xF3;n Ruddy  N&#xFA;&#xF1;ez.</subfield>
  </datafield>
  <datafield tag="260" ind1=" " ind2=" ">
    <subfield code="a">Santo Domingo : </subfield>
    <subfield code="b">Santillana, </subfield>
    <subfield code="c">2001.</subfield>
  </datafield>
  <datafield tag="300" ind1=" " ind2=" ">
    <subfield code="a">xvi, 167 p. : </subfield>
    <subfield code="b">il. ; </subfield>
    <subfield code="c">28 cm. </subfield>
  </datafield>
  <datafield tag="490" ind1="1" ind2=" ">
    <subfield code="a">Umbral </subfield>
  </datafield>
  <datafield tag="500" ind1=" " ind2=" ">
    <subfield code="a">Edici&#xF3;n anotada para el profesor </subfield>
  </datafield>
  <datafield tag="500" ind1=" " ind2=" ">
    <subfield code="a">Tercero de bachillerato 1er.  curso/ Segundo ciclo.</subfield>
  </datafield>
  <datafield tag="500" ind1=" " ind2=" ">
    <subfield code="a">Primer curso del segundo ciclo de educaci&#xF3;n media.</subfield>
  </datafield>
  <datafield tag="500" ind1=" " ind2=" ">
    <subfield code="a">Tercero de bachillerato primer curso del primer segundo ciclo.</subfield>
  </datafield>
  <datafield tag="500" ind1=" " ind2=" ">
    <subfield code="a">Edici&#xF3;n anotada para el profesor </subfield>
  </datafield>
  <datafield tag="505" ind1=" " ind2=" ">
    <subfield code="g">Unidad 1</subfield>
    <subfield code="t">Los constituyentes basicos para la vida: Hidr&#xF3;geno, ox&#xED;geno y agua --</subfield>
    <subfield code="t">El hidr&#xF3;geno--</subfield>
    <subfield code="g">Unidad 2</subfield>
    <subfield code="t">Ox&#xED;geno --</subfield>
    <subfield code="g">Unidad 3</subfield>
    <subfield code="t">El agua --</subfield>
    <subfield code="g">Unidad 4</subfield>
    <subfield code="t">Los elementos del bloque S --</subfield>
    <subfield code="g">Unidad 5</subfield>
    <subfield code="t">Los elementos del bloque  P --</subfield>
    <subfield code="g">Unidad 6</subfield>
    <subfield code="t">Los elementos del bloque D --</subfield>
    <subfield code="t">Recursos para el trabajo cient&#xED;fico --</subfield>
    <subfield code="g">Unidad 7</subfield>
    <subfield code="t">Los elementos del bloque F.</subfield>
  </datafield>
  <datafield tag="650" ind1=" " ind2="4">
    <subfield code="a">QU&#xCD;MICA</subfield>
    <subfield code="x">ENSE&#xD1;ANZA SECUNDARIA</subfield>
  </datafield>
  <datafield tag="650" ind1=" " ind2="4">
    <subfield code="a">QU&#xCD;MICA</subfield>
    <subfield code="x">EDUCACI&#xD3;N SECUNDARIA</subfield>
  </datafield>
  <datafield tag="650" ind1=" " ind2="4">
    <subfield code="a">QU&#xCD;MICA</subfield>
    <subfield code="x">ESTUDIOS  EJERCICIOS</subfield>
  </datafield>
  <datafield tag="650" ind1=" " ind2="4">
    <subfield code="a">QU&#xCD;MICA</subfield>
    <subfield code="x">LIBROS DE TEXTOS</subfield>
  </datafield>
  <datafield tag="650" ind1=" " ind2="4">
    <subfield code="a">EDUCACI&#xD3;N SECUNDARIA</subfield>
    <subfield code="z">REP&#xDA;BLICA DOMINICANA</subfield>
  </datafield>
  <datafield tag="700" ind1="1" ind2="2">
    <subfield code="a">Garc&#xED;a de Escobar, Obdulia, </subfield>
    <subfield code="e"> ed. </subfield>
  </datafield>
  <datafield tag="700" ind1="1" ind2="2">
    <subfield code="a">Llibre de Vargas, Claudia,</subfield>
    <subfield code="e">ed.</subfield>
  </datafield>
  <datafield tag="700" ind1="1" ind2="2">
    <subfield code="a">N&#xFA;&#xF1;ez, Ruddy, </subfield>
    <subfield code="e">il. </subfield>
  </datafield>
  <datafield tag="830" ind1=" " ind2="0">
    <subfield code="a">Umbral </subfield>
  </datafield>
  <datafield tag="910" ind1=" " ind2=" ">
    <subfield code="a">Validado. Control de calidad MFF</subfield>
  </datafield>
  <datafield tag="942" ind1=" " ind2=" ">
    <subfield code="2">ddc</subfield>
    <subfield code="c">BK</subfield>
  </datafield>
  <datafield tag="945" ind1=" " ind2=" ">
    <subfield code="a">inventariado, 2018 / DG</subfield>
  </datafield>
  <datafield tag="952" ind1=" " ind2=" ">
    <subfield code="0">0</subfield>
    <subfield code="1">0</subfield>
    <subfield code="2">ddc</subfield>
    <subfield code="4">0</subfield>
    <subfield code="7">0</subfield>
    <subfield code="8">CE</subfield>
    <subfield code="a">BPMET</subfield>
    <subfield code="b">BPMET</subfield>
    <subfield code="d">2016-05-09</subfield>
    <subfield code="e">FUNDI</subfield>
    <subfield code="l">0</subfield>
    <subfield code="o">373.54  B218q    3ro.   2001</subfield>
    <subfield code="p">BPMSU16050179</subfield>
    <subfield code="r">2016-05-09</subfield>
    <subfield code="w">2016-05-09</subfield>
    <subfield code="y">BK</subfield>
  </datafield>
  <datafield tag="952" ind1=" " ind2=" ">
    <subfield code="0">0</subfield>
    <subfield code="1">0</subfield>
    <subfield code="2">ddc</subfield>
    <subfield code="4">0</subfield>
    <subfield code="7">0</subfield>
    <subfield code="8">CE</subfield>
    <subfield code="a">BPMET</subfield>
    <subfield code="b">BPMET</subfield>
    <subfield code="d">2016-05-09</subfield>
    <subfield code="e">FUNDI</subfield>
    <subfield code="l">0</subfield>
    <subfield code="o">373.54  B218q    3ro.   2001</subfield>
    <subfield code="p">BPMSU16050180</subfield>
    <subfield code="r">2016-05-09</subfield>
    <subfield code="t">ej. 2</subfield>
    <subfield code="w">2016-05-09</subfield>
    <subfield code="y">BK</subfield>
  </datafield>
  <datafield tag="952" ind1=" " ind2=" ">
    <subfield code="0">0</subfield>
    <subfield code="1">0</subfield>
    <subfield code="2">ddc</subfield>
    <subfield code="4">0</subfield>
    <subfield code="7">0</subfield>
    <subfield code="8">CE</subfield>
    <subfield code="a">BPMET</subfield>
    <subfield code="b">BPMET</subfield>
    <subfield code="d">2018-03-06</subfield>
    <subfield code="e">FUNDI</subfield>
    <subfield code="l">0</subfield>
    <subfield code="o">373.54  B218q    3ro.   2001</subfield>
    <subfield code="p">BPMSU18030010</subfield>
    <subfield code="r">2018-03-06</subfield>
    <subfield code="t">ej. 3</subfield>
    <subfield code="w">2018-03-06</subfield>
    <subfield code="y">BK</subfield>
  </datafield>
  <datafield tag="956" ind1=" " ind2=" ">
    <subfield code="a">LOPEREZ</subfield>
    <subfield code="b">10</subfield>
    <subfield code="c">20160905</subfield>
    <subfield code="h">BPMSU </subfield>
  </datafield>
  <datafield tag="999" ind1=" " ind2=" ">
    <subfield code="c">10046</subfield>
    <subfield code="d">10046</subfield>
  </datafield>
</record>
